|
|
|
|
| LEADER |
01633nam a2200397 a 4500 |
| 001 |
38128 |
| 003 |
BD-DhAAL |
| 005 |
20230525141921.0 |
| 008 |
220323t1972 nyua b 000 0 eng d |
| 010 |
|
|
|a 2005282750
|
| 020 |
|
|
|a 0394709306
|
| 020 |
|
|
|a 0394494146
|
| 040 |
|
|
|a DLC
|c DLC
|d DLC
|d BD-DhAAL
|
| 041 |
1 |
|
|a eng
|
| 043 |
|
|
|a e-gx---
|
| 050 |
0 |
0 |
|a GR166
|b .K5313 2005
|
| 082 |
|
|
|a 398.20943
|2 23
|
| 130 |
0 |
|
|a Kinder- und Hausmärchen.
|l English.
|9 47332
|
| 245 |
1 |
4 |
|a The complete Grimm's fairy tales /
|c [introduction by Padraic Colum ; folkloristic commentary by Joseph Campbell ; 212 illustrations by Josef Scharl].
|
| 260 |
|
|
|a New York :
|b Pantheon Books,
|c 1972.
|
| 300 |
|
|
|a 864 pages :
|b illustrations ;
|c 24 cm.
|
| 500 |
|
|
|a "... based on the translation by Margaret Hunt ... thoroughly revised, corrected and completed by James Stern"--T.p. verso.
|
| 504 |
|
|
|a Includes bibliographical references.
|
| 541 |
|
|
|a Donated By Akbar Ali Khan
|e 38128
|
| 650 |
|
0 |
|a Fairy tales
|z Germany.
|9 47333
|
| 650 |
|
1 |
|a Fairy tales.
|9 47334
|
| 650 |
|
1 |
|a Folklore
|z Germany.
|9 47335
|
| 700 |
1 |
|
|a Grimm, Jacob,
|d 1785-1863.
|9 47336
|
| 700 |
1 |
|
|a Grimm, Wilhelm,
|d 1786-1859.
|9 47337
|
| 700 |
1 |
|
|a Hunt, Alfred William,
|c Mrs.,
|d 1831-1912.
|9 47338
|
| 700 |
1 |
|
|a Stern, James,
|d 1904-
|9 47339
|
| 700 |
1 |
|
|a Scharl, Josef,
|d 1896-1954.
|9 47340
|
| 852 |
|
|
|a Ayesha Abed Library
|c Akbar Ali Khan Collection
|
| 942 |
|
|
|2 ddc
|c BK
|
| 999 |
|
|
|c 43865
|d 43865
|
| 952 |
|
|
|0 0
|1 0
|2 ddc
|4 0
|6 398_209430000000000_COM
|7 1
|9 70252
|a BRACUL
|b BRACUL
|c AAKC
|d 2022-03-23
|e Donated by Akbar Ali Khan
|l 0
|o 398.20943 COM
|p 3010038128
|r 2022-03-23
|t 1
|w 2022-03-23
|y BK
|